movie trivia: identify the half-decade by films' names - Statistics

General Stats
  • This quiz has been taken 64 times
  • The average score is 10 of 15
Answer Stats
Hint = films' names Answer = half-decade of the film (early '40s, late '80s, etc.). % Correct
The Magnificent Ambersons, Bambi, Casablanca, The Maltese Falcon, Dumbo, early '40s
95%
Schindler's List, Reservoir Dogs, Groundhog Day, Short Cuts, Sleepless in Seattle early '90s
82%
Vertigo, Touch of Evil, South Pacific, The Bridge on the River Kwai, 12 Angry Men late '50s
79%
Snow White and the Seven Dwarfs, You Can't Take It With You, Bringing Up Baby, The Life of Emil Zola late '30s
72%
Animal House, Midnight Express, Annie Hall, The Deer Hunter, Slap Shot late '70s
70%
City Lights, M, Frankenstein, Duck Soup, King Kong early '30s
68%
Harold and Maude, The Last Picture Show, What's Up, Doc?, McCabe & Mrs. Miller, Deliverance early '70s
68%
Tootsie, Das Boot, Chariots of Fire, Zelig, Tender Mercies early '80s
67%
The African Queen, High Noon, Roman Holiday, Gentlemen Prefer Blondes, Strangers on a Train early '50s
65%
Slumdog Millionaire, Juno, Anvil: The Story of Anvil, Ratatouille, Sicko late '00s
65%
The Princess Bride, Die Hard, Moonstruck, Raising Arizona, The Last Emperor late '80s
60%
The Birds, 8 1/2, Hud, The Man Who Shot Liberty Valance, Lawrence of Arabia early '60s
54%
The Bishop's Wife, Gentleman's Agreement, Treasure of the Sierra Madre, Monsier Verdoux late '40s
54%
Adaptation, School of Rock, Bowling for Columbine, Lost in Translation, Confessions of a Dangerous Mind early '00s
53%
L.A. Confidential, The Big Lebowski, The Ice Storm, Run Lola Run, Grosse Point Blank late '90s
53%
No matching quizzes found
Score Distribution
Percent of People with Each Score
Percentile by Number Answered
Your Score History
You have not taken this quiz